Statistics for Correct The Spelling #20

Click here to take the quiz!

General Stats

  • This quiz has been taken 40 times
  • The average score is 14 of 20

Answer Stats

HintAnswer% Correct
ArcitectArchitect
100%
LeafesLeaves
100%
PrecitipationPrecipitation
97%
InteligenceIntelligence
92%
UnconciousUnconscious
89%
NomesGnomes
86%
MispellMisspell
86%
DiarheaDiarrhea
84%
AvaparationEvaporation
81%
PharoahPharaoh
73%
DialateDilate
70%
IngeniusIngenious
70%
QuestonaireQuestionnaire
59%
QuierChoir
57%
CumulunimbusCumulonimbus
49%
OnomatopiaOnomatopoeia
46%
SacrelegiousSacrilegious
46%
TerodactilePterodactyl
41%
GobledegookGobbledegook
32%
MinisculeMinuscule
32%

Score Distribution

Percentile by Number Answered

Percent of People with Each Score

Your Score History

You have not taken this quiz